Catálogo público

The biochemistry of fruits and their products / (Record no. 171907)

MARC details
000 -CABECERA
campo de control de longitud fija 01403nam a2200409Ia 4500
001 - NÚMERO DE CONTROL
campo de control dia_1359
003 - IDENTIFICADOR DEL NÚMERO DE CONTROL
campo de control CHAP
005 - FECHA Y HORA DE LA ÚLTIMA TRANSACCIÓN
campo de control 20240815185718.0
007 - CAMPO FIJO DE DESCRIPCIÓN FÍSICA--INFORMACIÓN GENERAL
campo de control de longitud fija ta
008 - DATOS DE LONGITUD FIJA--INFORMACIÓN GENERAL
campo de control de longitud fija 220117s1970 mx ado fr 001 0 spa d
010 ## - NÚMERO DE CONTROL DE LA BIBLIOTECA DEL CONGRESO
Número de control de LC 171907
040 ## - FUENTE DE LA CATALOGACIÓN
Centro/agencia transcriptor CHAP
Centro catalogador/agencia de origen mxchpua
041 ## - CÓDIGO DE LENGUA
Código de lengua del texto/banda sonora o título independiente eng
Código de lengua original eng
050 1# - SIGNATURA TOPOGRÁFICA DE LA BIBLIOTECA DEL CONGRESO
Número de clasificación QK865
Número de documento/Ítem .B56 1970
082 ## - NÚMERO DE LA CLASIFICACIÓN DECIMAL DEWEY
Número de clasificación 581.1662
Número de documento/Ítem B56 1970
Número de edición 20
245 14 - MENCIÓN DE TÍTULO
Título The biochemistry of fruits and their products /
Mención de responsabilidad, etc. editor A. C. Hulme
250 ## - MENCIÓN DE EDICIÓN
Mención de edición 1a edición
264 ## - PRODUCCIÓN, PUBLICACIÓN, DISTRIBUCIÓN, FABRICACIÓN Y COPYRIGHT
Producción, publicación, distribución, fabricación y copyright Nueva York, E.U.A. :
Nombre del de productor, editor, distribuidor, fabricante Academic Press,
Fecha de producción, publicación, distribución, fabricación o copyright 1970
300 ## - DESCRIPCIÓN FÍSICA
Extensión 2 volúmenes :
Otras características físicas ilustraciones, gráficas, tablas, fotos
336 ## - TIPO DE CONTENIDO
Fuente rdacontent
Término de tipo de contenido texto
Código de tipo de contenido txt
337 ## - TIPO DE MEDIO
Fuente rdamedia
Nombre/término del tipo de medio no mediado
Código del tipo de medio n
338 ## - TIPO DE SOPORTE
Fuente rdacarrier
Nombre/término del tipo de soporte volumen
Código del tipo de soporte nc
490 1# - MENCIÓN DE SERIE
Mención de serie Food science and technology. A series of monographs (Academic Press)
504 ## - NOTA DE BIBLIOGRAFÍA, ETC.
Nota de bibliografía, etc. Incluye bibliografías
650 17 - PUNTO DE ACCESO ADICIONAL DE MATERIA--TÉRMINO DE MATERIA
Término de materia o nombre geográfico como elemento de entrada Bioquímica
9 (RLIN) 12849
Fuente del encabezamiento o término atg
650 13 - PUNTO DE ACCESO ADICIONAL DE MATERIA--TÉRMINO DE MATERIA
Término de materia o nombre geográfico como elemento de entrada Frutos
9 (RLIN) 150524
Fuente del encabezamiento o término atg
Subdivisión general Composición
650 10 - PUNTO DE ACCESO ADICIONAL DE MATERIA--TÉRMINO DE MATERIA
Término de materia o nombre geográfico como elemento de entrada Frutos
9 (RLIN) 150524
Fuente del encabezamiento o término atg
Subdivisión general Maduración
650 13 - PUNTO DE ACCESO ADICIONAL DE MATERIA--TÉRMINO DE MATERIA
Término de materia o nombre geográfico como elemento de entrada Biochemistry
9 (RLIN) 150448
Fuente del encabezamiento o término atg
650 13 - PUNTO DE ACCESO ADICIONAL DE MATERIA--TÉRMINO DE MATERIA
Término de materia o nombre geográfico como elemento de entrada Fruits
9 (RLIN) 150789
Fuente del encabezamiento o término atg
Subdivisión general Composition
650 13 - PUNTO DE ACCESO ADICIONAL DE MATERIA--TÉRMINO DE MATERIA
Término de materia o nombre geográfico como elemento de entrada Fruits
9 (RLIN) 150789
Fuente del encabezamiento o término atg
Subdivisión general Ripening
700 1# - PUNTO DE ACCESO ADICIONAL--NOMBRE DE PERSONA
9 (RLIN) 56853
Nombre de persona Hulme, A. C.
Término indicativo de función/relación editor
830 ## - PUNTO DE ACCESO ADICIONAL DE SERIE-TÍTULO UNIFORME
9 (RLIN) 42200
Título uniforme Food science and technology. A series of monographs (Academic Press)
942 ## - ELEMENTOS DE PUNTO DE ACCESO ADICIONAL (KOHA)
Tipo de ítem Koha Libro
Fuente del sistema de clasificación o colocación Dewey Decimal Classification
901 ## - ELEMENTOS DE DATOS A LOCAL LDA (RLIN)
a 581.1662 B56 1970
902 ## - ELEMENTOS DE DATOS B LOCAL, LDB (RLIN)
a M
905 ## - ELEMENTOS DE DATOS E LOCAL, LDE (RLIN)
a 0000001970 EUAx 0000000000ING00
Holdings
Estado de retiro Estado de pérdida Fuente del sistema de clasificación o colocación Estado dañado Restricciones de uso No para préstamo Código de colección Localización permanente Ubicación/localización actual Fuente de adquisición Enumeración/cronología de publicación seriada Signatura topográfica completa Código de barras Fecha visto por última vez Número de copia Tipo de ítem Koha Fecha de adquisición Precio válido a partir de Total de préstamos Fecha del último préstamo Número de inventario
    Dewey Decimal Classification   Préstamo interno   General Ingenieria Agroindustrial Ingenieria Agroindustrial Compra Vale 292 Volumen: 2 581.1662 B56 1970 V.2 1102000665 18/01/2022 Ej. 1 Libro          
    Dewey Decimal Classification   Préstamo interno   General Ingenieria Agroindustrial Ingenieria Agroindustrial   Volumen:2 581.1662 B56 1970 V.2 1102001687 18/01/2022 Ej.2 Libro 18/01/2022 18/01/2022      
    Dewey Decimal Classification   Préstamo 5 días   General Ingenieria Agroindustrial Ingenieria Agroindustrial Compra Vale 512 Volumen: 2 581.1662 B56 1970 V.2 1102001801 23/09/2025 Ej. 3 Libro     3 10/09/2025  
    Dewey Decimal Classification   Préstamo 5 días   General Ingenieria Agroindustrial Ingenieria Agroindustrial   Volumen:2 581.1662 B56 1970 V.2 1102001802 21/08/2024 Ej.4 Libro 18/01/2022 18/01/2022 1 21/08/2024  
    Dewey Decimal Classification   Préstamo 5 días   General Ingenieria Agroindustrial Ingenieria Agroindustrial   Volumen:1 581.1662 B56 1970 V.1 1102002454 21/08/2024 Ej.2 Libro 18/01/2022 18/01/2022 1 21/08/2024 Fotocopia
    Dewey Decimal Classification   Préstamo 5 días   General Ingenieria Agroindustrial Ingenieria Agroindustrial   Volumen:1 581.1662 B56 1970 V.1 1102002455 21/08/2024 Ej.3 Libro 18/01/2022 18/01/2022 1 21/08/2024 Fotocopia
    Dewey Decimal Classification   Préstamo 5 días   General Ingenieria Agroindustrial Ingenieria Agroindustrial Compra Vale 512 Volumen: 1 581.1662 B56 1970 V.1 1102006003 21/08/2024 Ej. 4 Libro     1 21/08/2024  
    Dewey Decimal Classification   Préstamo 5 días   General Ingenieria Agroindustrial Ingenieria Agroindustrial Donación Volumen:2 581.1662 B56 1970 V.2 1102006005 21/11/2024 Ej.5 Libro 18/01/2022 18/01/2022 1 21/11/2024 Donación
    Dewey Decimal Classification   Préstamo interno   General Ingenieria Agroindustrial Ingenieria Agroindustrial Compra Vale 292 Volumen: 1 581.1662 B56 1970 V.1 1102000664 18/01/2022 Ej. 1 Libro